Manorama yearbook 2024 (Record no. 297047)

MARC details
000 -LEADER
fixed length control field 00361nam a22001457a 4500
005 - DATE AND TIME OF LATEST TRANSACTION
control field 20240419170219.0
008 - FIXED-LENGTH DATA ELEMENTS--GENERAL INFORMATION
fixed length control field 240419b |||||||| |||| 00| 0 eng d
020 ## - INTERNATIONAL STANDARD BOOK NUMBER
International Standard Book Number 9789359596815
082 ## - DEWEY DECIMAL CLASSIFICATION NUMBER
Classification number 030 MAL;1 R
100 ## - MAIN ENTRY--PERSONAL NAME
Personal name Malayala Manorama
245 ## - TITLE STATEMENT
Title Manorama yearbook 2024
260 ## - PUBLICATION, DISTRIBUTION, ETC. (IMPRINT)
Place of publication, distribution, etc. Kottayam
Name of publisher, distributor, etc. Malayala Manorama
Date of publication, distribution, etc. 2024
300 ## - PHYSICAL DESCRIPTION
Extent 1006
942 ## - ADDED ENTRY ELEMENTS (KOHA)
Koha item type Law Books
Holdings
Date last seen Total Checkouts Full call number Accession number Copy number Cost, replacement price Price effective from Category Lost status Source of classification or shelving scheme Damaged status Department Withdrawn status bill no. bill date Permanent Location Current Location Shelving location Entry date Vendor Cost, normal purchase price Grants Currency symbol Conversion rate Discount
27/04/2024   030 MAL;1 R LL3400 1 315.00 19/04/2024 Law Books   Dewey Decimal Classification   LAW   KLBH/IN/1091/2023-24 21/03/2024 Law Library Law Library Law Library 18/04/2024 KL Book House 350.00 Law Rupees 1 10
27/04/2024   030 MAL;2 R1 LL3401 2 315.00 19/04/2024 Law Books   Dewey Decimal Classification   LAW   KLBH/IN/1091/2023-24 21/03/2024 Law Library Law Library Law Library 18/04/2024 KL Book House 350.00 Law Rupees 1 10

© For any Suggestions or Query, please contact the library staff @ librarian@pes.edu or Phone: +9180 2672 1983/ 2108.